| 000 | 00000nam 2200000za 4500 |
| 001 | 9.840304 |
| 003 | CaOODSP |
| 005 | 20221107151817 |
| 007 | cr ||||||||||| |
| 008 | 170725q2016 onc |o f|0| 0 eng d |
| 040 | |aCaOODSP|beng |
| 043 | |an-cn--- |
| 086 | 1 |aT86-31/2016E-PDF |
| 245 | 00|aProtective direction 36 |h[electronic resource]. |
| 260 | |a[Ottawa] : |bTransport Canada, |c[2016]. |
| 300 | |a[6] p. |
| 500 | |aIssued also in French under title: Ordre 36. |
| 500 | |aCaption title. |
| 500 | |a"Transportation of dangerous goods." |
| 692 | 07|2gccst|aHazardous materials transport |
| 710 | 1 |aCanada. |bTransport Canada. |
| 775 | 08|tOrdre 36 |w(CaOODSP)9.840305 |
| 856 | 40|qPDF|s231 KB|uhttps://publications.gc.ca/collections/collection_2017/tc/T86-31-2016-eng.pdf |